<?xml version="1.0" encoding="UTF-8"?>
<record
    xmlns:xsi="http://www.w3.org/2001/XMLSchema-instance"
    xsi:schemaLocation="http://www.loc.gov/MARC21/slim http://www.loc.gov/standards/marcxml/schema/MARC21slim.xsd"
    xmlns="http://www.loc.gov/MARC21/slim">

  <leader>01986nam a2200193   4500</leader>
  <controlfield tag="005">20260406114413.0</controlfield>
  <datafield tag="020" ind1=" " ind2=" ">
    <subfield code="a">9781647268862</subfield>
  </datafield>
  <datafield tag="082" ind1=" " ind2=" ">
    <subfield code="a">658.7</subfield>
    <subfield code="b">HID/B</subfield>
  </datafield>
  <datafield tag="084" ind1=" " ind2=" ">
    <subfield code="2">Colon Classification</subfield>
  </datafield>
  <datafield tag="100" ind1=" " ind2=" ">
    <subfield code="a">Hiddleston, Clark</subfield>
    <subfield code="9">2607</subfield>
  </datafield>
  <datafield tag="245" ind1=" " ind2=" ">
    <subfield code="a">Blockchain and Supply Chain Logistics</subfield>
  </datafield>
  <datafield tag="250" ind1=" " ind2=" ">
    <subfield code="a">1</subfield>
  </datafield>
  <datafield tag="260" ind1=" " ind2=" ">
    <subfield code="a">New York:</subfield>
    <subfield code="b">Clanrye International,</subfield>
    <subfield code="c">2025.</subfield>
  </datafield>
  <datafield tag="300" ind1=" " ind2=" ">
    <subfield code="a">203p.</subfield>
  </datafield>
  <datafield tag="500" ind1=" " ind2=" ">
    <subfield code="a">Blockchain is a decentralized digital ledger technology that records transactions across multiple computers securely. It ensures data integrity through cryptographic hashing, enabling transparent, tamper-proof records without a central authority. Blockchain technology is revolutionizing supply chain logistics by enhancing transparency, efficiency, and security. By creating immutable, decentralized ledgers, blockchain ensures real-time tracking of goods, reducing fraud and errors. Each transaction is recorded on a block, providing a transparent and tamper-proof trail from origin to destination. This improves traceability, essential for industries like food and pharmaceuticals where verifying product authenticity is crucial. Smart contracts automate and enforce agreements, reducing delays and administrative costs. Overall, blockchain fosters a more resilient and responsive supply chain, driving trust and efficiency in global trade. This book aims to shed light on some of the unexplored aspects of blockchain and the recent studies in this field. Such selected concepts that redefine this area have been presented in this book. Those with an interest in supply chain logistics would find this book helpful.</subfield>
  </datafield>
  <datafield tag="505" ind1=" " ind2=" ">
    <subfield code="a">Preface
Chapter 1 Overview
Chapter 2 Fundamentals of International Logistics
Chapter 3 Empirical Research Methodology
Chapter 4 The Management model : Development and Four Phases
Chapter 5 Future Logistics Networks and Blockchain
Chapter 6 Concluding Remarks
Appendix
Permissions
Index</subfield>
  </datafield>
  <datafield tag="650" ind1=" " ind2=" ">
    <subfield code="a">Logistics Management</subfield>
    <subfield code="9">2574</subfield>
  </datafield>
  <datafield tag="942" ind1=" " ind2=" ">
    <subfield code="2">ddc</subfield>
    <subfield code="c">BK</subfield>
  </datafield>
  <datafield tag="999" ind1=" " ind2=" ">
    <subfield code="c">756780</subfield>
    <subfield code="d">756780</subfield>
  </datafield>
  <datafield tag="952" ind1=" " ind2=" ">
    <subfield code="0">0</subfield>
    <subfield code="1">0</subfield>
    <subfield code="2">ddc</subfield>
    <subfield code="4">0</subfield>
    <subfield code="7">0</subfield>
    <subfield code="8">REF</subfield>
    <subfield code="a">ECN</subfield>
    <subfield code="b">ECN</subfield>
    <subfield code="c">PROC</subfield>
    <subfield code="d">2026-02-23</subfield>
    <subfield code="e">CHA-100/01/2026,07/01/2026</subfield>
    <subfield code="g">13037.00</subfield>
    <subfield code="l">0</subfield>
    <subfield code="o">658.7 HID/B</subfield>
    <subfield code="p">ECN16943</subfield>
    <subfield code="r">2026-02-23 10:40:48</subfield>
    <subfield code="w">2026-02-23</subfield>
    <subfield code="y">BK</subfield>
  </datafield>
</record>
